| 000 | 00988nas a2200301 4500 | ||
|---|---|---|---|
| 001 | BR9200170 | ||
| 003 | BR-BrBNA | ||
| 005 | 20231205092225.0 | ||
| 007 | ta | ||
| 008 | 230509b bl.|||p| |||| 00| 00por d | ||
| 040 |
_aBR-BrBNA _bpor _cBiblioteca Nacional de Agricultura |
||
| 041 | _a(Pt) | ||
| 072 | _aF01 | ||
| 100 | 1 | _aMiguel, A.E. | |
| 100 | 1 | _aAlmeida, S.R. | |
| 100 | 1 | _aMatiello, J.B. | |
| 100 | 1 | _aFreire, A.C.F. | |
| 245 | 1 | _aO comportamento do cafeeiro mundo novo e catuai, submetidos a diferentes sistemas de plantio, com mudas simples e duplas e com mudas simples e duplas podadas no viveiro - os efeitos sobre a producao | |
| 650 | _aCAFE NOVO MUNDO | ||
| 650 | _aCAFE CATUAI | ||
| 650 | _aSISTEMA DE CULTIVO | ||
| 650 | _aMUDA | ||
| 650 | _aFAZENDA EXPERIMENTAL | ||
| 650 | _aMINAS GERAIS | ||
| 773 | 0 |
_tCafeicultura Moderna (Brazil) _x _g(Nov-Dec 1988), v. 1(4) p. 14-17 _wBR9200170 |
|
| 909 |
_a202311 _bLúcia _c55 _dLúcia Elande |
||
| 942 |
_2AGRIS _n0 _cANA |
||
| 999 |
_c130198 _d130198 |
||